000
00293nam a2200097Ia 4500
008
231207s9999 xx 000 0 und d
082
_a
954.91
_b
RIA
100
_a
Riaz Ahmad
245
0
_a
Pakistani scholars on Quaid-i-Azam Mohammad Ali Jinnah
260
_b
Goledn Jubilee Cell and Quaid-i-Azam Chair
999
_c
13087
_d
13087